000 00547nam a2200193Ia 4500
003 IIN
005 20240129161645.0
008 231217s9999 xx 000 0 und d
020 _cRs.2038.93
_a9780323074032
040 _aIIN
_bEnglish
082 _a610.3
_bMOS
100 1 _aMosby
245 1 _aMosby's Dictionary of Medicine, Nursing and Health Professions
_cMosby
250 _a9th ed
260 _bElsevier
_aMissouri
_c2013
300 _axiv, [43]1-1989 p.
650 1 _aDictionary
_vMedicine, Nursing and Health Professions
942 _cREF
999 _c574
_d574